000 00611nam a2200229Ia 4500
003 OSt
005 20220924113903.0
006 a|||||r|||| 00| 0
007 ta
008 220923b |||||||| |||| 00| 0 guj d
024 _a347932
037 _cTextual
040 _aARTS
_cARTS
_bguj
041 _2guj
_aguj
082 _aO156,1xN70, K7
100 _aMadani Mahinder
_9170645
245 0 _aYadgar kavita
260 _aAhmdabad
_bVora and Com India
_c1967
650 _aGUJRATI LITERATURE
942 _hO156,1xN70, K7
_cTEXL
_2CC
999 _c390758
_d390758